Normal view
MARC view
- القصة العربية-تاريخ ونقد-القرن العشرين
Entry Topical Term
001 - CONTROL NUMBER
- control field: 38226
003 - CONTROL NUMBER IDENTIFIER
- control field: JO-AjAnu
005 - DATE AND TIME OF LATEST TRANSACTION
- control field: 20230606080352.0
008 - FIXED-LENGTH DATA ELEMENTS
- fixed length control field: 230606|| aca||aabn | a|a d
040 ## - CATALOGING SOURCE
- Original cataloging agency: JO-AjAnu
- Transcribing agency: JO-AjAnu
150 ## - HEADING--TOPICAL TERM
- Topical term or geographic name entry element: القصة العربية-تاريخ ونقد-القرن العشرين
670 ## - SOURCE DATA FOUND
- Source citation: Work cat.: (JO-AjAnu)19610: سلامه، فتحي, author 38225, تطور الفكر الإجتماعي في الرواية العربية